[Event "5th Ordu Open 2019"]
[Site "Ordu"]
[Date "2019.05.02"]
[Round "5.7"]
[White "Eren, Ataberk"]
[Black "Neverov, Valeriy"]
[Result "1-0"]
[WhiteElo "2256"]
[BlackElo "2495"]
[Annotator "TA"]
[PlyCount "115"]
[EventDate "2019.04.29"]
[EventType "swiss"]
[EventCountry "TUR"]
[SourceTitle "playchess.com"]
[Source "ChessBase"]
[SourceQuality "1"]

{[%evp 15,115,-17,75,85,118,137,338,343,453,392,416,402,400,407,377,366,403,408,391,357,341,349,345,338,345,306,314,313,304,299,302,307,301,295,316,325,308,289,296,291,275,264,265,260,270,226,211,150,146,137,150,123,163,133,134,134,141,110,167,184,190,195,195,195,196,181,181,158,168,129,129,128,171,129,144,129,131,143,143,120,127,123,135,132,167,166,163,149,158,156,164,173,212,206,260,250,404,394,406,429,570,520]} 1. e4 c5 2. Nf3 e6 3. d4 cxd4 4. Nxd4 a6 5. Nc3 b5 6. g3 Bb7 7. Bg2 Nf6 8. O-O d6 (8... b4 $11 9. e5 Bxg2 10. Kxg2 bxc3 11. exf6 Qxf6) 9. Re1 $16 {B91: Sicilian Najdorf: 6 g3} Nbd7 10. e5 Bxg2 $2 (10... dxe5 $16 11. Bxb7 exd4 12. Bxa8 (12. Qxd4 Bc5 $11) 12... Qxa8) 11. exf6 $18 {White has a decisive advantage.} Bb7 12. fxg7 Bxg7 {[#]} 13. Nxe6 $1 {[%mdl 512]} fxe6 14. Rxe6+ {[%mdl 64] Double Attack} Kf8 {With the idea ...Ne5.} 15. Rxd6 Qc7 16. Rxd7 Qc6 {[%csl Gb7][%cal Rc6h1]} 17. Qd5 Qxd5 18. Nxd5 Bc6 19. Rd6 Rc8 20. Nb6 Rc7 21. Bf4 {[#]} Kf7 $146 ({Predecessor:} 21... Bxb2 22. Re1 Kf7 23. Rde6 {1-0 (23) Artemiev,V (2691)-Korobov,A (2652) Riadh 2017}) 22. c3 Re8 23. Nd5 Rcc8 24. Nb4 Bf3 25. Rd3 ({But not} 25. Rxa6 Re2 $18) 25... Bg4 26. f3 Bf5 27. Rd5 Be6 28. Rd2 a5 29. Nd3 Red8 30. Rad1 Bxa2 31. Ra1 Bc4 32. Nf2 Rxd2 33. Bxd2 Rd8 34. Bg5 Ra8 35. Ne4 Bd5 36. Be3 Bxe4 (36... b4 $16 {was worth a try.}) 37. fxe4 $16 {[%mdl 4096] Endgame KRB-KRB} a4 38. Bc5 Rd8 39. Rf1+ Ke6 {[#]} 40. Ba3 $1 Be5 41. Rf8 Rd2 42. Rf2 Rd1+ 43. Kg2 Ra1 {intending ...Bxc3.} 44. Bb4 Ra2 45. Kf3 h5 46. Ke3 Ra1 47. Kd3 Rd1+ 48. Rd2 Rh1 49. Bc5 h4 50. gxh4 Bxh2 51. Rg2 Be5 52. Rg6+ Kd7 53. Rg5 Bf4 54. Rd5+ Ke6 {[#] If Black can now play ...Rh2 this consolidates a bit.} 55. Bd4 $1 Rd1+ $2 (55... Rh3+ {was called for.} 56. Ke2 Rh2+ 57. Kf3 Rxh4 58. Rxb5 Bc7) 56. Ke2 $18 Rb1 57. Rxb5 Bc1 58. c4 {Accuracy: White = 70%, Black = 46%.} 1-0

[Event "5th Ordu Open 2019"]
[Site "Ordu"]
[Date "2019.05.02"]
[Round "5.8"]
[White "Haznedaroglu, Kivanc"]
[Black "Uzunoglu, Efe Kerem"]
[Result "1-0"]
[WhiteElo "2466"]
[BlackElo "2106"]
[Annotator "TA"]
[PlyCount "39"]
[EventDate "2019.04.29"]
[EventType "swiss"]
[EventCountry "TUR"]
[SourceTitle "playchess.com"]
[Source "ChessBase"]
[SourceQuality "1"]

{[%evp 26,67,8,15,23,0,-1,5,6,-18,0,0,0,0,0,0,0,0,0,0,0,0,13,0,7,0,0,0,0,0,0,-29,0,0,0,0,0,0,0,0,0,0,849,831]} 1. e4 e5 2. Nf3 Nf6 3. Nxe5 d6 4. Nf3 Nxe4 5. d4 d5 6. Bd3 Nc6 7. O-O Be7 8. c4 Nb4 9. Be2 O-O 10. Nc3 Bf5 11. a3 Nxc3 12. bxc3 Nc6 13. cxd5 Qxd5 14. Bf4 Na5 {C42: Petroff Defence: 3 Nxe5 and unusual White 3rd moves} (14... Rac8 15. Re1 Rfe8 16. h3 h6 17. Nd2 Na5 18. Bf3 Qd7 19. Nb3 Nxb3 20. Qxb3 c6 21. Be5 b5 22. a4 {½-½ (33) Ni,H (2646)-Wang,Y (2706) China 2013}) 15. Nd2 c5 16. Bf3 Qd7 {The position is equal.} 17. d5 Bf6 18. Ne4 $146 ({Predecessor:} 18. c4 Bd3 19. Bg4 Qd8 20. Rc1 Bxf1 21. Kxf1 Bb2 22. Rc2 {0-1 (54) Chlost,M (2082)-Korosciel,A (2064) Poraj 2003}) 18... Bxe4 $1 19. Bxe4 Bxc3 20. Qd3 {Played: Be4xh7} 1-0

[Event "5th Ordu Open 2019"]
[Site "Ordu"]
[Date "2019.05.02"]
[Round "5.9"]
[White "Gozubuyukoglu, Selami"]
[Black "Ozveren, Ali Bulent"]
[Result "1-0"]
[WhiteElo "1818"]
[BlackElo "1930"]
[Annotator "NA RC"]
[PlyCount "89"]
[EventDate "2019.04.29"]
[EventType "swiss"]
[EventCountry "TUR"]
[SourceTitle "playchess.com"]
[Source "ChessBase"]
[SourceQuality "1"]
[TimeControl "5400+30"]

1. e4 {[%emt 0:30:30]} e5 {[%emt 0:30:30]} 2. Nf3 {[%emt 0:00:30]} Nc6 {[%emt 0:00:00]} 3. Bc4 {[%emt 0:00:00]} Bc5 {[%emt 0:00:00]} 4. c3 {[%emt 0:00:00]} Nf6 {[%emt 0:00:30]} 5. d3 {[%emt 0:00:00]} d6 {[%emt 0:02:30]} 6. Bb3 {[%emt 0:00:00]} O-O {[%emt 0:01:30]} 7. Qe2 {[%emt 0:01:30] C54: Giuoco Piano: 4 c3 Nf6, main lines with 5 d4 and 5 d3} (7. h3 a6 8. Nbd2 Be6 9. Bc2 d5 10. Qe2 h6 11. g4 Nh7 12. Rg1 d4 13. Nb3 Be7 14. Nxe5 Nxe5 15. Nxd4 c5 16. Nf5 Kh8 {1-0 (35) Duda,J (2678)-Eljanov,P (2741) Germany 2017}) 7... Be6 {[%emt 0:02:30]} 8. Bc2 {[%emt 0:00:30]} Bb6 {[%emt 0:11:30]} 9. Nbd2 {[%emt 0:02:30]} Ne7 $146 {[%emt 0:00:30]} ({Predecessor:} 9... h6 10. h3 Qd7 11. O-O Ne7 12. Rd1 {1-0 (36) Oliva Meneses,J (2057)-Smith,V (1725) Pocos de Caldas 2013}) 10. h3 {[%emt 0:05:30]} Ng6 {[%emt 0:00:30]} 11. g3 {[%emt 0:01:30]} Qc8 {[%emt 0:04:30]} 12. Qf1 {[%emt 0:00:30]} Nh5 {[%emt 0:05:30]} 13. Qg2 {[%emt 0:02:30]} c6 {[%emt 0:05:30]} 14. Nf1 {[%emt 0:03:30]} h6 {[%emt 0:03:30]} 15. Be3 {[%emt 0:04:30]} f5 {[%emt 0:08:30]} 16. Bxb6 {[%emt 0:14:30]} axb6 {[%emt 0:00:00]} 17. exf5 {[%emt 0:00:30]} Bxf5 {[%emt 0:01:00]} 18. Ne3 {[%emt 0:00:30]} Be6 {[%emt 0:01:57]} 19. d4 {[%emt 0:01:30]} Ne7 {[%emt 0:04:45]} 20. dxe5 {[%emt 0:00:30]} dxe5 {[%emt 0:01:21]} 21. Nxe5 {[%emt 0:01:30]} Nf6 {[%emt 0:03:41]} 22. a3 {[%emt 0:05:30]} Ned5 {[%emt 0:00:24]} 23. O-O-O {[%emt 0:07:24]} Nxe3 {[%emt 0:10:13]} 24. fxe3 {[%emt 0:00:30]} Bd5 {[%emt 0:00:30]} 25. e4 {[%emt 0:00:30]} Be6 {[%emt 0:00:30]} 26. g4 {[%emt 0:00:30]} Qc7 {[%emt 0:00:30]} 27. Ng6 {[%emt 0:00:30]} Rf7 {[%emt 0:00:30]} 28. Rhf1 {[%emt 0:00:30]} Nd7 {[%emt 0:00:30]} 29. Nh4 {[%emt 0:00:30]} Ne5 {[%emt 0:00:30]} 30. Rxf7 {[%emt 0:00:30]} Bxf7 {[%emt 0:00:30]} 31. Qd2 {[%emt 0:00:30]} Nc4 {[%emt 0:00:30]} 32. Qf2 {[%emt 0:00:30]} b5 {[%emt 0:00:30]} 33. Nf5 {[%emt 0:00:30]} Re8 {[%emt 0:00:10]} 34. Qd4 {[%emt 0:01:56]} Qf4+ {[%emt 0:00:17]} 35. Kb1 {[%emt 0:00:09]} Ne5 {[%emt 0:01:02]} 36. Qe3 {[%emt 0:04:24]} Qh2 {[%emt 0:00:30]} 37. Nd6 {[%emt 0:00:33]} Rd8 {[%emt 0:01:02]} 38. Nxf7 {[%emt 0:00:30]} Rxd1+ {[%emt 0:00:30]} 39. Bxd1 {[%emt 0:00:00]} Kxf7 {[%emt 0:00:00] [#]} 40. Bb3+ $1 {[%emt 0:00:09]} Kf6 {[%emt 0:00:32]} 41. Qd4 {[%emt 0:00:43]} (41. h4 $16) 41... Kg5 $1 {[%emt 0:00:35]} 42. Qd8+ {[%emt 0:05:25]} Kg6 {[%emt 0:00:01]} 43. Be6 {[%emt 0:01:08]} Qh1+ $18 {[%emt 0:00:57]} (43... Qe2 44. Qf8 (44. Bf5+ Kf7 $16) 44... Qxe4+ 45. Ka1 Kg5) 44. Ka2 {[%emt 0:00:06]} Qh2 {[%emt 0:00:31]} 45. Qe7 {[%emt 0:02:23]} 1-0

[Event "5th Ordu Open 2019"]
[Site "Ordu"]
[Date "2019.05.02"]
[Round "5.10"]
[White "Elashvili, Giorgi"]
[Black "Rahmatian, Shayan"]
[Result "1-0"]
[WhiteElo "1833"]
[BlackElo "1991"]
[Annotator "NA RC"]
[PlyCount "117"]
[EventDate "2019.04.29"]
[EventType "swiss"]
[EventCountry "TUR"]
[SourceTitle "playchess.com"]
[Source "ChessBase"]
[SourceQuality "1"]
[TimeControl "5400+30"]

1. e4 {[%emt 0:30:30]} c6 {[%emt 0:35:30]} 2. d4 {[%emt 0:00:30]} d5 {[%emt 0:00:30]} 3. Nc3 {[%emt 0:00:30]} b5 {[%emt 0:00:30]} 4. a3 {[%emt 0:00:30]} dxe4 {[%emt 0:00:30]} 5. Nxe4 {[%emt 0:00:30]} Nf6 {[%emt 0:00:00]} 6. Nxf6+ {[%emt 0:00:00] B15: Caro-Kann: 3 Nc3: 3...g6 and 3...dxe4 4 Nxe4 Nf6 5 Nxf6+ exf6} exf6 {[%emt 0:00:00]} 7. c3 {[%emt 0:00:00]} Bd6 {[%emt 0:00:30]} 8. Bd3 {[%emt 0:00:30]} Be6 $146 {[%emt 0:00:00]} ({Predecessor:} 8... O-O 9. Ne2 Nd7 10. O-O Qc7 11. Ng3 Re8 12. Nf5 Nb6 13. Nxd6 Qxd6 {½-½ (35) Gabrielian,A (2541)-Khismatullin,D (2656) St Petersburg 2013}) 9. Ne2 {[%emt 0:01:30]} Qc7 {[%emt 0:01:00]} 10. Qc2 {[%emt 0:01:30]} Nd7 {[%emt 0:01:30]} 11. a4 {[%emt 0:02:30]} Rb8 {[%emt 0:04:30]} 12. Ng3 {[%emt 0:05:30]} ({White should play} 12. axb5 $16 cxb5 13. g3) 12... g6 {[%emt 0:06:30]} 13. Bh6 {[%emt 0:03:30]} bxa4 {[%emt 0:07:30]} 14. O-O {[%emt 0:07:30]} ({Not} 14. Rxa4 Bb3 $17) 14... Bf4 {[%emt 0:04:30]} (14... a3 $1 $14) 15. Bxf4 {[%emt 0:00:30]} Qxf4 {[%emt 0:00:00]} 16. Rxa4 {[%emt 0:09:30]} Qc7 {[%emt 0:13:00]} 17. Rfa1 {[%emt 0:00:30]} f5 {[%emt 0:01:30]} 18. Rxa7 {[%emt 0:01:30]} Qd6 {[%emt 0:00:30]} 19. b4 {[%emt 0:04:30]} h5 {[%emt 0:00:30]} 20. R1a6 {[%emt 0:14:06]} h4 {[%emt 0:01:30]} 21. Ne2 {[%emt 0:00:18]} h3 {[%emt 0:01:16]} (21... O-O $142 22. b5 Nb6) 22. g3 {[%emt 0:00:41]} Nf6 {[%emt 0:04:02]} 23. Nf4 {[%emt 0:05:08]} Kf8 {[%emt 0:10:47]} 24. b5 {[%emt 0:02:41]} Bd5 {[%emt 0:03:58]} 25. bxc6 {[%emt 0:00:39]} Re8 {[%emt 0:01:37]} 26. Qc1 {[%emt 0:04:54]} Kg7 {[%emt 0:00:25]} 27. c7 {[%emt 0:00:16]} Qd7 {[%emt 0:00:25]} 28. c8=Q {[%emt 0:03:05]} Qxc8 {[%emt 0:00:10]} 29. Rxf6 {[%emt 0:00:10]} Kxf6 {[%emt 0:01:04]} 30. Nxd5+ {[%emt 0:00:30]} Kg7 {[%emt 0:00:03]} 31. Qg5 $2 {[%emt 0:00:39]} ({White should play} 31. c4 $18) 31... Qe6 {[%emt 0:00:56]} 32. Ne3 {[%emt 0:00:34]} Rh5 {[%emt 0:00:49]} 33. Qf4 {[%emt 0:00:25]} Qb6 {[%emt 0:00:19]} 34. Rc7 {[%emt 0:00:47]} Rhh8 {[%emt 0:00:29]} 35. Bc4 {[%emt 0:00:47]} Rhf8 {[%emt 0:00:01]} 36. Rd7 {[%emt 0:00:41]} Qb1+ {[%emt 0:00:30]} 37. Nf1 {[%emt 0:00:00]} Qb6 {[%emt 0:00:14]} 38. Qc7 {[%emt 0:00:12]} Qxc7 {[%emt 0:01:10]} 39. Rxc7 {[%emt 0:00:30]} Rc8 {[%emt 0:00:30]} 40. Rxc8 {[%emt 0:00:30]} Rxc8 {[%emt 0:00:00]} 41. Ne3 {[%emt 0:00:00]} Ra8 {[%emt 0:00:00]} 42. Kf1 {[%emt 0:01:05]} Ra1+ {[%emt 0:00:02]} 43. Ke2 {[%emt 0:00:00]} Kf6 {[%emt 0:00:11]} 44. Bd3 {[%emt 0:00:10]} Kg5 {[%emt 0:00:50]} 45. f4+ {[%emt 0:01:06]} Kf6 {[%emt 0:00:09]} 46. Kf3 {[%emt 0:00:23]} Ra3 {[%emt 0:01:15]} 47. Nd1 {[%emt 0:00:58]} g5 {[%emt 0:00:37]} 48. fxg5+ {[%emt 0:00:15]} Kxg5 {[%emt 0:00:33]} 49. Ke3 {[%emt 0:00:25]} Kf6 {[%emt 0:01:07]} 50. c4 {[%emt 0:00:34]} Ra8 {[%emt 0:00:31]} 51. c5 {[%emt 0:00:46]} Ke6 {[%emt 0:00:16]} 52. Bc4+ {[%emt 0:00:30]} Kf6 {[%emt 0:00:02]} 53. c6 {[%emt 0:00:42]} Ke7 {[%emt 0:00:16]} 54. Nc3 {[%emt 0:00:23]} Kd6 {[%emt 0:00:45]} 55. Nb5+ {[%emt 0:00:42]} Ke7 {[%emt 0:00:22]} 56. d5 {[%emt 0:00:02]} Ra4 {[%emt 0:01:42]} 57. d6+ {[%emt 0:00:30]} Kd8 {[%emt 0:00:30]} 58. c7+ {[%emt 0:00:30]} Kd7 {[%emt 0:00:30]} 59. Bxf7 {[%emt 0:00:22]} 1-0

[Event "5th Ordu Open 2019"]
[Site "Ordu"]
[Date "2019.05.02"]
[Round "5.11"]
[White "Atas, Yunus"]
[Black "Khvadagiani, Nika"]
[Result "1-0"]
[WhiteElo "1853"]
[BlackElo "1883"]
[Annotator "NA RC"]
[PlyCount "147"]
[EventDate "2019.04.29"]
[EventType "swiss"]
[EventCountry "TUR"]
[SourceTitle "playchess.com"]
[Source "ChessBase"]
[SourceQuality "1"]
[TimeControl "5400+30"]

1. d4 {[%emt 0:42:30]} Nf6 {[%emt 0:32:30]} 2. Bf4 {[%emt 0:00:30]} g6 {[%emt 0:00:30]} 3. e3 {[%emt 0:07:30]} Bg7 {[%emt 0:00:30]} 4. Nf3 {[%emt 0:00:30]} d6 {[%emt 0:00:00]} 5. h3 {[%emt 0:00:30]} Nbd7 {[%emt 0:01:00]} 6. Be2 {[%emt 0:00:30]} O-O {[%emt 0:01:30]} 7. O-O {[%emt 0:00:30]} Re8 {[%emt 0:00:30]} 8. a4 {[%emt 0:01:30] A48: 1 d4 Nf6 2 Nf3 g6: Torre, London and Colle Systems} (8. c4 b6 9. Nc3 Bb7 10. Qc2 e5 11. Bg5 exd4 12. exd4 h6 13. Be3 Ne4 14. Nxe4 Bxe4 15. Qd2 d5 16. Bxh6 dxc4 17. Bg5 Bf6 18. h4 b5 {½-½ (60) Khotenashvili,B (2445)-Muzychuk,M (2546) Riga 2017}) 8... e5 $146 {[%emt 0:00:30]} (8... Ne4 $11) ({Predecessor:} 8... b6 9. a5 a6 10. axb6 cxb6 11. c3 Bb7 12. Nbd2 e5 13. Bh2 exd4 14. exd4 d5 15. Re1 Ne4 {1-0 (55) Dos Santos,H (2247)-Florianovitz,D (2064) Florianopolis 2013}) 9. dxe5 {[%emt 0:00:30]} dxe5 {[%emt 0:08:30]} 10. Nxe5 {[%emt 0:01:30]} g5 {[%emt 0:00:00] [#]} 11. Bh2 $1 {[%emt 0:03:30]} Ne4 {[%emt 0:10:00]} 12. Nxd7 {[%emt 0:02:30]} Bxd7 {[%emt 0:00:00]} 13. c3 {[%emt 0:00:30]} Qe7 {[%emt 0:00:00]} 14. Nd2 {[%emt 0:02:30]} Bc6 {[%emt 0:01:30]} 15. Nxe4 {[%emt 0:04:30]} Bxe4 {[%emt 0:00:30]} 16. Qb3 {[%emt 0:01:30]} Kh8 {[%emt 0:00:30]} 17. Rfd1 {[%emt 0:01:30]} f5 {[%emt 0:02:30]} 18. Rd2 {[%emt 0:01:30]} Rad8 {[%emt 0:05:30] [#]} 19. Rad1 {[%emt 0:00:30]} ({White should play} 19. Rxd8 $1 $18 Rxd8 20. Rd1) 19... Rxd2 {[%emt 0:00:30]} 20. Rxd2 {[%emt 0:00:30]} Rf8 {[%emt 0:02:30]} (20... f4 $16 {keeps fighting.}) 21. Qd1 {[%emt 0:05:30]} f4 {[%emt 0:01:30]} 22. Rd7 {[%emt 0:01:36]} Qe6 {[%emt 0:09:30]} 23. exf4 {[%emt 0:04:04]} gxf4 {[%emt 0:01:40]} 24. Rd8 {[%emt 0:00:29]} Qf6 {[%emt 0:08:06]} 25. Rxf8+ {[%emt 0:00:57]} Bxf8 {[%emt 0:01:26]} 26. Qd4 {[%emt 0:07:04]} Qxd4 {[%emt 0:00:37]} 27. cxd4 {[%emt 0:00:01]} Bd6 {[%emt 0:01:22]} 28. g3 {[%emt 0:04:21]} a5 {[%emt 0:04:18]} 29. Bd1 {[%emt 0:02:04]} c6 {[%emt 0:06:15]} 30. gxf4 {[%emt 0:00:19]} Kg7 {[%emt 0:00:00]} 31. f3 {[%emt 0:01:54]} Bd3 {[%emt 0:00:19]} 32. Kf2 Kf6 {[%emt 0:00:22]} 33. Ke3 {[%emt 0:02:19]} Bf5 {[%emt 0:00:30]} 34. h4 {[%emt 0:00:00]} Bb1 {[%emt 0:01:44]} 35. Bb3 {[%emt 0:00:34]} Bg6 {[%emt 0:00:11]} 36. Bg3 {[%emt 0:00:31]} Bb1 {[%emt 0:00:03]} (36... Bb4 $16 {was necessary.} 37. Ke2 h6) 37. Be1 {[%emt 0:00:21]} b6 {[%emt 0:00:35]} 38. Bg8 {[%emt 0:01:07]} Bc2 {[%emt 0:00:26]} 39. b3 {[%emt 0:00:09]} Kg7 {[%emt 0:01:32]} 40. Bc4 {[%emt 0:00:30]} Kf6 {[%emt 0:00:00]} 41. Bg8 {[%emt 0:01:17]} Kg7 {[%emt 0:00:03]} 42. Be6 {[%emt 0:00:15]} Kf6 {[%emt 0:00:07]} 43. f5 {[%emt 0:00:21]} Bxf5 {[%emt 0:00:14]} 44. Bxf5 {[%emt 0:01:05]} (44. Bd2 $2 {[%emt 0:00:42][%mdl 8192]}) (44. Bc4 $16) 44... Kxf5 {[%emt 0:00:30]} 45. Bd2 {[%emt 0:00:30]} Bf4+ {[%emt 0:00:30]} 46. Kd3 {[%emt 0:00:30]} Bxd2 {[%emt 0:00:30]} 47. Kxd2 {[%emt 0:00:30]} Kf4 {[%emt 0:00:30]} 48. Ke2 {[%emt 0:00:30]} Kg3 {[%emt 0:00:30]} 49. Ke3 {[%emt 0:00:30]} Kxh4 {[%emt 0:00:30]} 50. f4 {[%emt 0:00:30]} Kh5 {[%emt 0:00:30]} 51. Ke4 {[%emt 0:00:30]} Kg6 {[%emt 0:00:30]} 52. Ke5 {[%emt 0:00:30]} h5 {[%emt 0:00:30]} 53. Ke6 {[%emt 0:00:30]} h4 {[%emt 0:00:30]} 54. f5+ {[%emt 0:00:30]} Kg5 {[%emt 0:00:30]} 55. f6 {[%emt 0:00:30]} h3 {[%emt 0:00:30]} 56. f7 {[%emt 0:00:30]} h2 {[%emt 0:00:30]} 57. f8=Q {[%emt 0:00:30]} h1=Q {[%emt 0:00:30]} 58. Qf5+ {[%emt 0:00:30]} Kh6 {[%emt 0:00:30]} 59. Qf6+ {[%emt 0:00:30]} Kh7 {[%emt 0:00:09]} 60. Qf7+ {[%emt 0:00:00]} Kh8 {[%emt 0:00:13]} 61. Kd6 {[%emt 0:00:41]} b5 {[%emt 0:02:28]} 62. Qe8+ {[%emt 0:00:17]} Kg7 {[%emt 0:00:11]} 63. Qxc6 {[%emt 0:00:06]} Qh2+ {[%emt 0:00:46]} 64. Kc5 {[%emt 0:01:02]} bxa4 {[%emt 0:00:28]} 65. bxa4 {[%emt 0:00:07]} Qc2+ {[%emt 0:00:14]} 66. Kd6 {[%emt 0:00:51]} Qg6+ {[%emt 0:00:54]} 67. Kc7 {[%emt 0:00:30]} Qg3+ {[%emt 0:00:00]} 68. Kc8 {[%emt 0:00:09]} Qe3 {[%emt 0:01:27]} 69. d5 {[%emt 0:00:13]} Kf7 {[%emt 0:00:03]} 70. Qc7+ {[%emt 0:01:08]} Kf8 {[%emt 0:00:29]} 71. d6 {[%emt 0:00:12]} Qe6+ {[%emt 0:00:32]} 72. d7 {[%emt 0:00:52]} Ke7 {[%emt 0:00:28]} 73. Qc5+ {[%emt 0:00:15]} Kf7 {[%emt 0:00:30]} 74. Kc7 {[%emt 0:00:43]} 1-0

[Event "5th Ordu Open 2019"]
[Site "Ordu"]
[Date "2019.05.02"]
[Round "5.12"]
[White "Bolkvadze, Tedo"]
[Black "Civelek, Mehmet Eren"]
[Result "1/2-1/2"]
[WhiteElo "1588"]
[BlackElo "1260"]
[Annotator "NA"]
[PlyCount "158"]
[EventDate "2019.04.29"]
[EventType "swiss"]
[EventCountry "TUR"]
[SourceTitle "playchess.com"]
[Source "ChessBase"]
[SourceQuality "1"]
[TimeControl "5400+30"]

1. d4 {[%emt 0:30:30]} d5 {[%emt 0:30:30]} 2. c4 {[%emt 0:00:30]} c6 {[%emt 0:00:30]} 3. Nf3 {[%emt 0:00:30]} Nf6 {[%emt 0:00:00]} 4. g3 {[%emt 0:00:00]} g6 {[%emt 0:00:00]} 5. Bg2 {[%emt 0:00:00]} Bg7 {[%emt 0:00:00]} 6. O-O {[%emt 0:00:00]} O-O {[%emt 0:00:00]} 7. Nc3 {[%emt 0:01:00]} dxc4 {[%emt 0:00:30]} 8. Ne5 {[%emt 0:00:30]} Nbd7 {[%emt 0:00:30]} 9. Nxc4 {[%emt 0:01:30]} Nb6 {[%emt 0:00:30]} 10. Nxb6 {[%emt 0:04:30]} Qxb6 {[%emt 0:00:30]} 11. Na4 {[%emt 0:00:00]} Qb5 {[%emt 0:00:30]} 12. e4 {[%emt 0:03:00]} Rd8 {[%emt 0:01:30]} 13. Be3 {[%emt 0:02:30]} h6 {[%emt 0:00:30]} 14. Qc2 {[%emt 0:00:30]} Qh5 {[%emt 0:00:30]} 15. Qc5 {[%emt 0:01:30]} Qxc5 {[%emt 0:00:30]} 16. Nxc5 {[%emt 0:00:30]} Nd7 {[%emt 0:00:30]} 17. Nxd7 {[%emt 0:03:30]} Bxd7 {[%emt 0:00:30]} 18. Rac1 {[%emt 0:00:00]} Be6 {[%emt 0:00:30]} 19. d5 {[%emt 0:06:00]} cxd5 {[%emt 0:00:30]} 20. exd5 {[%emt 0:00:30]} Bxd5 {[%emt 0:00:30]} 21. Rc7 {[%emt 0:00:00]} Bxg2 {[%emt 0:00:30]} 22. Kxg2 {[%emt 0:00:00]} b6 {[%emt 0:00:00]} 23. Rxe7 {[%emt 0:00:30]} Bxb2 {[%emt 0:00:00]} 24. Bxh6 {[%emt 0:00:30]} Bf6 {[%emt 0:00:30]} 25. Rc7 {[%emt 0:00:30]} Rdc8 {[%emt 0:01:30]} 26. Rfc1 {[%emt 0:00:30]} Rxc7 {[%emt 0:00:30]} 27. Rxc7 {[%emt 0:00:30]} a5 {[%emt 0:00:30]} 28. Rb7 {[%emt 0:00:30]} Bd4 {[%emt 0:00:30]} 29. Rd7 {[%emt 0:07:30]} Bc5 {[%emt 0:00:30]} 30. Bg5 {[%emt 0:00:00]} Kg7 {[%emt 0:00:30]} 31. Bd8 {[%emt 0:02:00]} a4 {[%emt 0:01:30]} 32. g4 {[%emt 0:01:30]} b5 {[%emt 0:01:30]} 33. g5 {[%emt 0:02:30]} b4 {[%emt 0:00:30]} 34. Bf6+ {[%emt 0:03:30]} Kf8 {[%emt 0:00:30]} 35. f4 {[%emt 0:00:00]} Ke8 {[%emt 0:00:00]} 36. Rd3 {[%emt 0:06:00]} Rb8 {[%emt 0:01:00]} 37. h4 {[%emt 0:06:33]} b3 {[%emt 0:00:30]} 38. axb3 {[%emt 0:00:26]} axb3 {[%emt 0:00:30]} 39. Bb2 {[%emt 0:00:05]} Rb4 {[%emt 0:00:30]} 40. Kf3 {[%emt 0:00:53]} Ke7 {[%emt 0:00:30]} 41. Rd2 {[%emt 0:05:43]} Bd6 {[%emt 0:03:30]} 42. Re2+ {[%emt 0:00:12]} Kd7 {[%emt 0:00:30]} 43. Re4 {[%emt 0:00:16]} Rb5 {[%emt 0:00:30]} 44. Kg4 {[%emt 0:02:07]} Rd5 {[%emt 0:00:30]} 45. Re3 {[%emt 0:00:16]} Rb5 {[%emt 0:00:30]} 46. Kf3 {[%emt 0:04:13]} Kc6 {[%emt 0:00:30]} 47. Rc3+ {[%emt 0:03:28]} Kb7 {[%emt 0:01:30]} 48. Rc4 {[%emt 0:00:23]} Kb6 {[%emt 0:01:30]} 49. Kg4 {[%emt 0:01:15]} Ka5 {[%emt 0:00:30]} 50. h5 {[%emt 0:00:45]} gxh5+ {[%emt 0:00:30]} 51. Kxh5 {[%emt 0:00:00]} Rd5 {[%emt 0:00:30]} 52. Kh6 {[%emt 0:03:08]} Rf5 {[%emt 0:00:30]} 53. Bc1 {[%emt 0:00:47]} Kb5 {[%emt 0:00:30]} 54. Re4 {[%emt 0:00:01]} Bf8+ {[%emt 0:01:30]} 55. Kh7 {[%emt 0:00:22]} Bd6 {[%emt 0:00:00]} 56. g6 {[%emt 0:01:48]} fxg6 {[%emt 0:00:00]} 57. Kxg6 {[%emt 0:00:00]} Rf8 {[%emt 0:00:30]} 58. f5 {[%emt 0:00:02]} Rg8+ {[%emt 0:00:30]} 59. Kh7 {[%emt 0:01:45]} Rf8 {[%emt 0:00:00]} 60. Kg6 {[%emt 0:00:32]} Rg8+ {[%emt 0:00:00]} 61. Kh5 {[%emt 0:01:07]} Rh8+ {[%emt 0:00:30]} 62. Kg4 {[%emt 0:00:42]} Rg8+ {[%emt 0:00:30]} 63. Kh5 {[%emt 0:00:56]} Rh8+ {[%emt 0:00:30]} 64. Kg6 {[%emt 0:00:30]} Rg8+ {[%emt 0:00:30]} 65. Kf7 {[%emt 0:00:00]} Rf8+ {[%emt 0:00:00]} 66. Kg6 {[%emt 0:01:03]} Rg8+ {[%emt 0:00:00]} 67. Kf6 {[%emt 0:00:36]} Rf8+ {[%emt 0:00:00]} 68. Ke6 {[%emt 0:00:02]} Re8+ {[%emt 0:00:00]} 69. Kd5 {[%emt 0:00:30]} Rxe4 {[%emt 0:00:30]} 70. Kxe4 {[%emt 0:00:30]} Kc4 {[%emt 0:00:00]} 71. Bb2 {[%emt 0:00:00]} Bf8 {[%emt 0:00:00]} 72. f6 {[%emt 0:00:28]} Bd6 {[%emt 0:00:00]} 73. f7 {[%emt 0:00:35]} Bf8 {[%emt 0:00:00]} 74. Ke5 {[%emt 0:00:57]} Kd3 {[%emt 0:00:00]} 75. Ke6 {[%emt 0:00:25]} Kc2 {[%emt 0:00:00]} 76. Bf6 {[%emt 0:00:30]} b2 {[%emt 0:00:30]} 77. Bxb2 {[%emt 0:00:00]} Kxb2 {[%emt 0:00:30]} 78. Kd7 {[%emt 0:00:22]} Kc3 {[%emt 0:00:30]} 79. Ke8 {[%emt 0:00:30]} Ba3 {[%emt 0:00:00]} 1/2-1/2